000 00907nam a22002897a 4500
001 4504
003 FISKH
005 20260114151952.0
008 240912b cb ||||| |||| 00| 0 eng d
020 _a9780439738194
040 _aFISKH
_beng
_cFISKH
_dFISKH
050 _aPZ7.M82824
082 _a303
100 _aMorris, Jennifer E.
_eauthor
245 _aMay I please have a cookie ? /
_cby Jennifer E. Morris
250 _aThis edition first printing , September 2008
260 _aNew York :
_bScholastic ;
_c2005 .
300 _a31 unnumbered pages :
_bcolor illustrations ;
_c23 cm .
490 _aScholastic reader
_vLevel 1
505 _aE
520 _aAlfie, a young alligator, learns the best way to ask for a cookie from his mother.
521 8 _a250
_bLexile
521 8 _aE
_bRaz-Plus
650 _aEtiquette
_vfiction
942 _2ddc
_cBK
_n0
999 _c4504
_d4504